00589nam a22001697a 450000500170000001000130001702000260003003500120005603700160006808200080008410000250009224501050011724600650022226000530028727000580034030000210039820220810105735.0 aUR-11665 a9789393785763c300.00 aU-10220 bDBAD/PUBa- a841 aاشفا ق احمد aافغان اللہ خان کی علمی و ادبی جہتیں /cاشفا ق احمدhا ر د و aAfghanullah Khan Ki Ilmi Wa Adabi Jehtein /bby Ashfaq Ahmed aNew DelhibEducational Publishing Housec2022 ء aH.O.D1/16, Ansari Road, Darya GanjbNew Delhie110002 a221 صc23cm(Hb)